Регионална библиотека "Любен Каравелов" - Русе

Съвременното дигитално общество (Запис номер 174725)

MARC детайли
000 -Лидер
Контролно поле с фиксирана дължина 01698nam a2200409 c 4500
003 - Код на организацията, давaща контролен номер
Контролно поле BLK
005 - Дата и час на последна редакция
Контролно поле 20210811092015.0
008 - Елементи от данни с фиксирана дължина
fixed length control field 180411b bul|||||r ||||||| ||bul||
010 ## - Наследен системен номер
LC control number KNG00183226000
020 ## - Международен стандартен номер на книга ISBN
Международен стандартен номер на книга ISBN 978-954-607-819-3
-- издат.: ЛИК
040 ## - Източник на каталожния запис
Идентификатор на билиотеката - собственик на записа BLK
041 ## - Код за език
Код за езика на текст/звукозапис или на отделно заглавие Български
Код за езика КДБФ Български
072 #7 - Код за тематичната категория
Код организация bullib
Код за тематична категория Н31
Текст Социология Н
080 ## - УДК
Текстов определител УДК Информационно общество
УДК код - определител по УДК 316.324:681.3
УДК определител
УДК - код + определител 316.324:681.3
080 ## - УДК
Текстов определител УДК Защита срещу хакери
УДК код - определител по УДК 681.324.07
УДК определител
УДК - код + определител 681.324.07
100 1# - Редна дума - Автор
Автор Боянов, Любен Кирилов
Авторска отговорност първи автор
R(LIN) 339843
139 ## - Редно поле
Редна дума Боянов, Любен Кирилов
Авторски знак Боян - Б 74
245 10 - Сведения за заглавието
Заглавие Съвременното дигитално общество
Подзаглавни данни Възможности, парадигми и проблеми
Редно поле (дума) Любен Кирилов Боянов.
257 ## - Страна на издаване
Страна на създаване/издаване България
260 ## - Област на издателските данни
-- София
Име на издателя, разпространителя и проч. ЛИК
Година на издаване 2014
Печатница София : Скала принт
300 ## - Физическа характеристика
Страници 164 с.
Илюстрации и др. с табл., сх., диагр.
Размери/Мащаб 20 см
380 ## - Жанр
Жанр Обществени науки
500 ## - Общи забележки
Забележка Библиогр.: с. 144-162
650 #4 - Допълнително описание по предмет – тема
Основно описание – тема или топоним Информационно общество
9 (RLIN) 283573
650 #4 - Допълнително описание по предмет – тема
Основно описание – тема или топоним Информационна сигурност
9 (RLIN) 329549
650 #4 - Допълнително описание по предмет – тема
Основно описание – тема или топоним Информационни и комуникационни технологии
9 (RLIN) 242390
653 ## - Ключова дума – ненормативна
Ключова дума дигитални технологии
653 ## - Ключова дума – ненормативна
Ключова дума комуникационни технологии
653 ## - Ключова дума – ненормативна
Ключова дума хакери
653 ## - Ключова дума – ненормативна
Ключова дума кибертероризъм
659 ## - Тематичен бюлетин
Тематичен бюлетин Н
852 ## - Местоположение
Форматна сигнатура Цб 277224
856 4# - Електронен адрес и достъп
Електронен формат pdf - файл
Път до файла /url/
856 4# - Електронен адрес и достъп
Електронен формат pdf - файл
Път до файла /url/
942 ## - АРТИКУЛИ
Вид на библиотечния материал Книги
Скрит в OPAC Не
Koha issues (borrowed), all copies 2
944 ## - СЪЗДАВАНЕ И РЕДАКЦИЯ на ЗАПИСА
Създаване/Редакция Създаване
Дата на регистрацията/редакция 06.10.2015
Служител, извършил регистрацията/редакцията Виолета_Тройчева
944 ## - СЪЗДАВАНЕ И РЕДАКЦИЯ на ЗАПИСА
Създаване/Редакция Редакция
Дата на регистрацията/редакция 19.01.2016
Служител, извършил регистрацията/редакцията Геновева_Генчева
999 ## - СИСТЕМНИ КОНТРОЛНИ НОМЕРА
Koha biblionumber 174725
Koha biblioitemnumber 174725
Наличности
Код за отписване Код за изгубен артикул Код за повреда Коз за рестрикции Код за отдаване Артикулен № Име на библиотеката - собственик Име на библиотеката, в която се намира в момента Статус (Текущо местоположение) Дата на вписване в системата Местоположение - отдел Цена в лева Инвентарен номер Систематично азбучна сигнатура Баркод Номер на екземпляра Цена в евро Служебна бележка Служебен тип на артикула
  Не е изгубен Не е повреден без рестрикции ползва се в читалня 300353 Регионална библиотека "Любен Каравелов" Русе Регионална библиотека "Любен Каравелов" Русе Хранилище 2015-10-09 Хранилище 10.00 120000793374 Цб 277224 120000793374 1 5.11 Дост: Dp Вид: Д N: 32 Дата: 22.07.2015 Книги
Vip Innovations Ltd, Rousse, Bulgaria 2025